V´s de Estol - Statistics

Estatísticas Gerais
  • Esse quiz foi jogado 237 vezes
    223 desde o último reset
  • A pontuação média é 11 de 12
Estatísticas das Respostas
Hint Resposta % Correto
Cruzeiro C/motor (1700) 57
100%
Dep C/Motor (1700) 57
100%
Cruzeiro s/Motor (1700) 66
100%
Dep S/Motor (1700) 69
98%
Pouso C/motor (1700) 52
96%
Pouso S/Motor (1700) 60
96%
Cruzeiro c/motor (1500) 53
91%
Cruzeiro S/motor (1500) 62
91%
Dep c/motor (1500) 52
89%
Pouso c/motor (1500) 49
87%
Pouso s/motor (1500) 55
87%
Dep s/motor (1500) 63
87%
Nenhum quiz correspondente encontrado
Distribuição das Pontuações
Porcentagem de Pessoas com Cada Pontuação
Percentil de Números Respondidos
Sua Pontuação Histórica
Você não jogou esse quiz desde o último reset